书目信息 |
| 题名: |
高效专用机床
|
|
| 作者: | ;天津煤矿专用设备厂 编 | |
| 分册: | 一 | |
| 出版信息: | 北京 机械工业出版社 1975 |
|
| 页数: | 82页 | |
| 开本: | 19cm | |
| 丛书名: | ||
| 单 册: | ||
| 中图分类: | TG502 , TG519.5 | |
| 科图分类: | ||
| 主题词: | 专用机床 , 车削 , 车床 | |
| 电子资源: | ||
| ISBN: | ||
| 000 | 00724nam0 2200265 45 | |
| 001 | 0175002119 | |
| 005 | 20040521144002.8 | |
| 010 | @dCNY0.28 | |
| 100 | @a19951014d1975 em y0chiy0121 ea | |
| 101 | 0 | @achi |
| 102 | @aCN@b110000 | |
| 105 | @ay z 000yy | |
| 106 | @ar | |
| 200 | 10 | @a高效专用机床@Agao xiao zhuan yong ji chuang@h一@f天津煤矿专用设备厂编 |
| 210 | @a北京@c机械工业出版社@d1975 | |
| 215 | @a82页@d19cm | |
| 606 | @a专用机床 | |
| 606 | 0 | @a车削 |
| 606 | 0 | @a车床 |
| 690 | @aTG502@v3 | |
| 690 | @aTG519.5 | |
| 711 | 02 | @a天津煤矿专用设备厂@Atian jin mei kuang zhuan yong she bei chang@4编 |
| 801 | 0 | @aCN@b广东省中山图书馆@c20040521 |
| 801 | 2 | @aCN@bNLC@c20040521 |
| 905 | @f1@b16478@dTG519.5@e1 | |
| 高效专用机床.一/天津煤矿专用设备厂编.-北京:机械工业出版社,1975 |
| 82页;19cm |
| ISBN :CNY0.28 |
| ● |
| 相关链接 |
|
|
|
|
正题名:高效专用机床
索取号:TG519.5/1
 
预约/预借
| 序号 | 登录号 | 条形码 | 馆藏地/架位号 | 状态 | 备注 |
| 1 | 0016478 | 001362787 | 第三借阅区/ [索取号:TG519.5/1] | 在馆 |